Most passing yards year by year (2005-current) - Statistics

General Stats
  • This quiz has been taken 3 times
  • The average score is 7 of 16
Answer Stats
Hint Answer % Correct
2019(1,725) Michael Thomas
100%
2009(1,569) Andre Johnson
50%
2008(1,575) Andre Johnson
50%
2017(1,533) Antonio Brown
50%
2014(1,698) Antonio Brown
50%
2012(1,964) Calvin Johnson
50%
2011(1,681) Calvin Johnson
50%
2006(1,369) Chad Johnson
50%
2020(704) DeAndre Hopkins
50%
2018(1,677) Julio Jones
50%
2015(1,871) Julio Jones
50%
2007(1,510) Reggie Wayne
50%
2005(1,563) Steve Smith
50%
2010(1,448) Brandon Lloyd
0%
2013(1,646) Josh Gordon
0%
2016(1,448) T.Y. Hilton
0%
No matching quizzes found
Score Distribution
Percent of People with Each Score
Percentile by Number Answered
Your Score History
You have not taken this quiz